[Event "Women's Baku Chess Olympiad"]
[Site "chess24.com"]
[Date "2016.09.11"]
[Round "9"]
[White "Molina, Jessica"]
[Black "Ui Laighleis, Gearoidin"]
[Result "1-0"]
[Board "4"]
[WhiteID "3303888"]
[WhiteElo "1883"]
[WhiteCountry "BOL"]
[WhiteFideId "3303888"]
[WhiteEloChange "8"]
[BlackID "2501171"]
[BlackElo "1795"]
[BlackTitle "WCM"]
[BlackCountry "IRL"]
[BlackFideId "2501171"]
[BlackEloChange "-8"]

1. f4 {[%clk 1:29:50]} d5 {[%clk 1:30:27]} 2. Nf3 {[%clk 1:30:14]} g6 {[%clk
1:30:29]} 3. e3 {[%clk 1:30:16]} Bg7 {[%clk 1:30:03]} 4. d4 {[%clk 1:29:37]} Nf6
{[%clk 1:30:10]} 5. Bd3 {[%clk 1:27:41]} O-O {[%clk 1:29:23]} 6. O-O {[%clk
1:26:36]} b6 {[%clk 1:26:50]} 7. c3 {[%clk 1:23:22]} Bb7 {[%clk 1:25:16]} 8. Bd2
{[%clk 1:22:34]} Nbd7 {[%clk 1:19:38]} 9. Be1 {[%clk 1:22:20]} c5 {[%clk
1:13:14]} 10. Nbd2 {[%clk 1:16:50]} c4 {[%clk 1:10:10]} 11. Bc2 {[%clk 1:16:49]}
Ng4 {[%clk 1:05:03]} 12. Qe2 {[%clk 1:16:04]} b5 {[%clk 1:03:39]} 13. a3 {[%clk
1:11:31]} a6 {[%clk 0:57:55]} 14. h3 {[%clk 0:59:07]} Ngf6 {[%clk 0:57:08]} 15.
g4 {[%clk 0:54:22]} Rc8 {[%clk 0:50:11]} 16. Qg2 {[%clk 0:49:53]} Qb6 {[%clk
0:42:06]} 17. Ne5 {[%clk 0:47:38]} Qd8 {[%clk 0:38:44]} 18. g5 {[%clk 0:42:43]}
Ne8 {[%clk 0:37:40]} 19. h4 {[%clk 0:37:04]} Nd6 {[%clk 0:31:14]} 20. Qh3 {[%clk
0:31:52]} f5 {[%clk 0:17:04]} 21. Ndf3 {[%clk 0:20:30]} Nf7 {[%clk 0:14:48]} 22.
h5 {[%clk 0:17:49]} Nfxe5 {[%clk 0:14:40]} 23. fxe5 {[%clk 0:16:15]} e6 {[%clk
0:11:15]} 24. Rf2 {[%clk 0:10:16]} Qe8 {[%clk 0:10:45]} 25. Rh2 {[%clk 0:08:19]}
Kf7 {[%clk 0:07:09]} 26. h6 {[%clk 0:06:36]} Bh8 {[%clk 0:07:32]} 27. Bg3 {[%clk
0:06:33]} Rg8 {[%clk 0:07:02]} 28. Rf2 {[%clk 0:06:08]} Ke7 {[%clk 0:06:41]} 29.
Qf1 {[%clk 0:05:20]} Rf8 {[%clk 0:06:31]} 30. a4 {[%clk 0:04:08]} Ra8 {[%clk
0:06:15]} 31. b3 {[%clk 0:03:36]} Nb6 {[%clk 0:06:07]} 32. Qb1 {[%clk 0:02:54]}
Qd8 {[%clk 0:06:02]} 33. Bd1 {[%clk 0:02:38]} Qc7 {[%clk 0:05:50]} 34. Qc1 {[%clk
0:02:10]} Rfc8 {[%clk 0:05:56]} 35. Qa3+ {[%clk 0:01:34]} Ke8 {[%clk 0:05:49]}
36. a5 {[%clk 0:01:23]} Nd7 {[%clk 0:05:48]} 37. Qd6 {[%clk 0:01:24]} Qxd6 {[%clk
0:05:46]} 38. exd6 {[%clk 0:01:52]} Bc6 {[%clk 0:04:58]} 39. bxc4 {[%clk
0:01:18]} dxc4 {[%clk 0:04:05]} 40. Rd2 {[%clk 0:31:11]} Bd5 {[%clk 0:33:06]} 41.
Nh4 {[%clk 0:26:37]} Kf7 {[%clk 0:27:30]} 42. Bf3 {[%clk 0:24:27]} Re8 {[%clk
0:26:30]} 43. Rf1 {[%clk 0:23:03]} Kg8 {[%clk 0:25:56]} 44. Kf2 {[%clk 0:21:06]}
Rad8 {[%clk 0:23:38]} 45. Re1 {[%clk 0:18:25]} Bxf3 {[%clk 0:21:29]} 46. Nxf3
{[%clk 0:18:44]} Nb8 {[%clk 0:21:22]} 47. e4 {[%clk 0:17:11]} fxe4 {[%clk
0:16:42]} 48. Rxe4 {[%clk 0:17:38]} Nc6 {[%clk 0:14:23]} 49. Rde2 {[%clk
0:16:10]} Kf7 {[%clk 0:14:12]} 50. Rf4+ {[%clk 0:11:09]} Kg8 {[%clk 0:14:12]} 51.
Rfe4 {[%clk 0:10:46]} Kf7 {[%clk 0:10:50]} 52. Be5 {[%clk 0:09:05]} Bxe5 {[%clk
0:05:43]} 53. Nxe5+ {[%clk 0:09:26]} Nxe5 {[%clk 0:06:06]} 54. Rf4+ {[%clk
0:09:52]} Kg8 {[%clk 0:05:59]} 55. dxe5 {[%clk 0:09:52]} Rd7 {[%clk 0:05:32]} 56.
Ke3 {[%clk 0:10:10]} Rc8 {[%clk 0:04:44]} 57. Rf6 {[%clk 0:09:52]} Rc5 {[%clk
0:04:20]} 58. Rxe6 {[%clk 0:09:23]} Kf7 {[%clk 0:03:36]} 59. Rf6+ {[%clk
0:08:56]} Kg8 {[%clk 0:03:50]} 60. Kd4 {[%clk 0:08:57]} Rc8 {[%clk 0:03:55]} 61.
Kd5 {[%clk 0:08:51]} Rcd8 {[%clk 0:03:27]} 62. Ref2 {[%clk 0:08:38]} Re7 {[%clk
0:02:17]} 63. Rf8+ {[%clk 0:08:00]} Rxf8 {[%clk 0:02:33]} 64. dxe7 {[%clk
0:08:24]} Rxf2 {[%clk 0:02:07]} 65. e8Q+ {[%clk 0:08:35]} Rf8 {[%clk 0:02:31]}
66. Qe6+ {[%clk 0:08:47]} Rf7 {[%clk 0:02:49]} 67. Qxa6 {[%clk 0:08:56]} Rf3
{[%clk 0:02:16]} 68. Qxb5 {[%clk 0:09:07]} Rd3+ {[%clk 0:01:44]} 69. Ke6 {[%clk
0:09:06]} Rd8 {[%clk 0:01:44]} 70. Qxc4 {[%clk 0:09:27]} Re8+ {[%clk 0:01:50]}
71. Kd7+ {[%clk 0:09:45]} Kf8 {[%clk 0:02:13]} 72. Qf4+ {[%clk 0:09:53]} Kg8
{[%clk 0:02:19]} 73. Kxe8 {[%clk 0:10:05]} 1-0

[Event "Women's Baku Chess Olympiad"]
[Site "chess24.com"]
[Date "2016.09.11"]
[Round "9"]
[White "Hernandez, Bera"]
[Black "Lee, Seyeon"]
[Result "1-0"]
[Board "1"]
[WhiteID "6700080"]
[WhiteElo "1808"]
[WhiteCountry "ESA"]
[WhiteFideId "6700080"]
[WhiteEloChange "4"]
[BlackID "13204149"]
[BlackElo "1577"]
[BlackCountry "KOR"]
[BlackFideId "13204149"]
[BlackEloChange "-4"]

1. e4 {[%clk 1:30:57]} c5 {[%clk 1:30:49]} 2. Nf3 {[%clk 1:31:19]} Nc6 {[%clk
1:31:01]} 3. Bc4 {[%clk 1:31:17]} d6 {[%clk 1:23:53]} 4. h3 {[%clk 1:26:42]} Nf6
{[%clk 1:21:18]} 5. Qe2 {[%clk 1:26:12]} e6 {[%clk 1:15:14]} 6. Nc3 {[%clk
1:15:10]} a6 {[%clk 1:12:14]} 7. a4 {[%clk 1:15:13]} Be7 {[%clk 1:10:23]} 8. d3
{[%clk 1:13:35]} O-O {[%clk 1:08:04]} 9. Nd1 {[%clk 1:11:39]} d5 {[%clk 1:02:01]}
10. Ba2 {[%clk 1:08:05]} b5 {[%clk 0:51:17]} 11. e5 {[%clk 1:05:58]} Nd7 {[%clk
0:49:41]} 12. Bb1 {[%clk 1:05:59]} bxa4 {[%clk 0:43:02]} 13. Rxa4 {[%clk
1:06:19]} Nb6 {[%clk 0:37:52]} 14. Rg4 {[%clk 0:59:20]} f6 {[%clk 0:33:07]} 15.
h4 {[%clk 0:56:13]} Nxe5 {[%clk 0:30:39]} 16. Nxe5 {[%clk 0:52:31]} fxe5 {[%clk
0:30:41]} 17. Qxe5 {[%clk 0:48:30]} Bf6 {[%clk 0:29:07]} 18. Qh2 {[%clk 0:45:31]}
Ra7 {[%clk 0:25:19]} 19. Bg5 {[%clk 0:45:27]} Raf7 {[%clk 0:23:21]} 20. c3 {[%clk
0:44:43]} e5 {[%clk 0:18:31]} 21. Rg3 {[%clk 0:43:45]} Qd6 {[%clk 0:15:59]} 22.
Re3 {[%clk 0:42:12]} d4 {[%clk 0:11:43]} 23. Re2 {[%clk 0:41:15]} Re7 {[%clk
0:07:56]} 24. O-O {[%clk 0:39:52]} Bf5 {[%clk 0:06:38]} 25. f4 {[%clk 0:36:21]}
Bxg5 {[%clk 0:04:13]} 26. fxe5 {[%clk 0:35:24]} Qg6 {[%clk 0:03:36]} 27. hxg5
{[%clk 0:35:19]} Qxg5 {[%clk 0:02:04]} 28. Ref2 {[%clk 0:35:16]} g6 {[%clk
0:01:05]} 29. cxd4 {[%clk 0:33:42]} cxd4 {[%clk 0:01:22]} 30. b4 {[%clk 0:32:19]}
Rfe8 {[%clk 0:00:55]} 31. Rf4 {[%clk 0:31:21]} Rxe5 {[%clk 0:00:48]} 32. Rxd4
{[%clk 0:31:18]} Re1 {[%clk 0:00:44]} 33. Rf4 {[%clk 0:29:11]} Nd5 {[%clk
0:00:41]} 34. Rf2 {[%clk 0:27:25]} Rxf1+ {[%clk 0:00:46]} 35. Rxf1 {[%clk
0:27:17]} Nxb4 {[%clk 0:00:50]} 36. Qd6 {[%clk 0:26:46]} Qe7 {[%clk 0:00:49]} 37.
Qg3 {[%clk 0:26:27]} Qa7+ {[%clk 0:00:57]} 38. Kh1 {[%clk 0:26:25]} Qb8 {[%clk
0:00:54]} 39. Qg5 {[%clk 0:25:54]} Qe5 {[%clk 0:00:52]} 40. d4 {[%clk 0:55:12]}
Qxd4 {[%clk 0:30:42]} 41. Bxf5 {[%clk 0:54:59]} Kg7 {[%clk 0:22:13]} 42. Bh3
{[%clk 0:53:15]} Qe5 {[%clk 0:20:26]} 43. Qd2 {[%clk 0:53:15]} Qe7 {[%clk
0:16:07]} 44. Nf2 {[%clk 0:51:46]} Qe2 {[%clk 0:10:17]} 45. Qd4+ {[%clk 0:51:35]}
Kg8 {[%clk 0:09:05]} 46. Rb1 {[%clk 0:49:53]} Nc2 {[%clk 0:07:00]} 47. Qd5+
{[%clk 0:49:14]} Kf8 {[%clk 0:05:16]} 48. Ng4 {[%clk 0:48:50]} Qe4 {[%clk
0:02:40]} 49. Qd6+ {[%clk 0:47:48]} Qe7 {[%clk 0:02:08]} 50. Qf4+ {[%clk
0:47:02]} Qf7 {[%clk 0:01:23]} 51. Qd6+ {[%clk 0:46:16]} Kg7 {[%clk 0:01:01]} 52.
Qd2 {[%clk 0:46:24]} Qc4 {[%clk 0:00:55]} 53. Qh6+ {[%clk 0:45:22]} Kh8 {[%clk
0:00:46]} 54. Nf6 {[%clk 0:45:43]} Qf7 {[%clk 0:00:42]} 55. Nxe8 {[%clk 0:45:24]}
Qxe8 {[%clk 0:00:57]} 56. Qf4 {[%clk 0:45:20]} Kg8 {[%clk 0:00:41]} 57. Rb8
{[%clk 0:45:37]} 1-0

[Event "Women's Baku Chess Olympiad"]
[Site "chess24.com"]
[Date "2016.09.11"]
[Round "9"]
[White "Sivarajasingam, Venetia"]
[Black "Smith, Melisha"]
[Result "0-1"]
[Board "4"]
[WhiteID "1802895"]
[WhiteElo "1631"]
[WhiteCountry "WLS"]
[WhiteFideId "1802895"]
[WhiteEloChange "-8"]
[BlackID "7400691"]
[BlackElo "1719"]
[BlackTitle "WCM"]
[BlackCountry "JAM"]
[BlackFideId "7400691"]
[BlackEloChange "8"]

1. e4 {[%clk 1:30:52]} c5 {[%clk 1:30:52]} 2. Nf3 {[%clk 1:31:07]} e6 {[%clk
1:31:13]} 3. c4 {[%clk 1:31:23]} b6 {[%clk 1:31:13]} 4. Nc3 {[%clk 1:31:18]} Bb7
{[%clk 1:31:23]} 5. Be2 {[%clk 1:31:02]} a6 {[%clk 1:31:22]} 6. d4 {[%clk
1:30:26]} cxd4 {[%clk 1:31:41]} 7. Nxd4 {[%clk 1:30:26]} d6 {[%clk 1:31:52]} 8.
O-O {[%clk 1:29:00]} Nd7 {[%clk 1:30:07]} 9. Be3 {[%clk 1:27:52]} Ngf6 {[%clk
1:29:41]} 10. Qc2 {[%clk 1:25:57]} Be7 {[%clk 1:28:00]} 11. Rad1 {[%clk 1:25:57]}
Qc7 {[%clk 1:27:05]} 12. Nb3 {[%clk 1:10:20]} O-O {[%clk 1:23:57]} 13. f3 {[%clk
1:10:16]} Rac8 {[%clk 1:23:58]} 14. Qd2 {[%clk 1:09:29]} Ne5 {[%clk 1:17:42]} 15.
Qe1 {[%clk 1:01:58]} Nxc4 {[%clk 0:58:42]} 16. Bxc4 {[%clk 1:01:51]} Qxc4 {[%clk
0:59:03]} 17. Bxb6 {[%clk 1:02:07]} d5 {[%clk 0:57:55]} 18. e5 {[%clk 0:59:48]}
Nd7 {[%clk 0:51:45]} 19. Bd4 {[%clk 0:57:42]} Ba8 {[%clk 0:45:45]} 20. Qg3 {[%clk
0:56:31]} Rb8 {[%clk 0:42:25]} 21. Bf2 {[%clk 0:51:45]} Qc7 {[%clk 0:40:59]} 22.
f4 {[%clk 0:46:39]} Nc5 {[%clk 0:35:37]} 23. Nxc5 {[%clk 0:45:00]} Bxc5 {[%clk
0:35:46]} 24. b3 {[%clk 0:36:53]} Rfc8 {[%clk 0:31:25]} 25. Rc1 {[%clk 0:36:23]}
Bxf2+ {[%clk 0:29:40]} 26. Rxf2 {[%clk 0:35:41]} Qa7 {[%clk 0:29:34]} 27. Rf1
{[%clk 0:34:01]} Rc7 {[%clk 0:28:17]} 28. Kh1 {[%clk 0:25:53]} Rbc8 {[%clk
0:27:52]} 29. Nd1 {[%clk 0:25:32]} Rc2 {[%clk 0:26:28]} 30. f5 {[%clk 0:17:37]}
Rxf2 {[%clk 0:24:59]} 31. Nxf2 {[%clk 0:16:48]} exf5 {[%clk 0:23:20]} 32. h4
{[%clk 0:13:45]} d4 {[%clk 0:22:07]} 33. Qd3 {[%clk 0:08:21]} Qb7 {[%clk
0:20:27]} 34. Rg1 {[%clk 0:08:40]} Rc1 {[%clk 0:19:16]} 35. Nd1 {[%clk 0:07:55]}
Qe4 {[%clk 0:19:03]} 36. Qg3 {[%clk 0:06:26]} Qg4 {[%clk 0:15:46]} 37. Qxg4
{[%clk 0:06:18]} fxg4 {[%clk 0:16:09]} 38. Nf2 {[%clk 0:04:51]} Rxg1+ {[%clk
0:16:22]} 39. Kxg1 {[%clk 0:05:17]} g3 {[%clk 0:16:23]} 40. Nd1 {[%clk 0:34:45]}
Kf8 {[%clk 0:44:56]} 41. Kf1 {[%clk 0:33:29]} Ke7 {[%clk 0:45:00]} 42. Nb2 {[%clk
0:33:36]} Ke6 {[%clk 0:44:40]} 43. Nc4 {[%clk 0:33:58]} d3 {[%clk 0:43:18]} 44.
b4 {[%clk 0:33:58]} Bd5 {[%clk 0:43:10]} 45. Nb2 {[%clk 0:34:06]} Bxa2 {[%clk
0:42:41]} 46. Ke1 {[%clk 0:32:15]} Bb1 {[%clk 0:38:32]} 47. Nc4 {[%clk 0:30:40]}
Kd5 {[%clk 0:37:28]} 0-1

[Event "Women's Baku Chess Olympiad"]
[Site "chess24.com"]
[Date "2016.09.11"]
[Round "9"]
[White "Vangsgaard, Freja"]
[Black "Acevedo Mendez, Lisseth"]
[Result "0-1"]
[Board "2"]
[WhiteID "1436589"]
[WhiteElo "1983"]
[WhiteTitle "WFM"]
[WhiteCountry "DEN"]
[WhiteFideId "1436589"]
[WhiteEloChange "-13"]
[BlackID "6502938"]
[BlackElo "1857"]
[BlackCountry "CRC"]
[BlackFideId "6502938"]
[BlackEloChange "13"]

1. d4 {[%clk 1:30:57]} f5 {[%clk 1:30:40]} 2. g3 {[%clk 1:31:15]} e6 {[%clk
1:31:04]} 3. Bg2 {[%clk 1:31:25]} Nf6 {[%clk 1:31:29]} 4. c4 {[%clk 1:31:18]}
Bb4+ {[%clk 1:31:32]} 5. Nd2 {[%clk 1:31:18]} O-O {[%clk 1:31:53]} 6. Nf3 {[%clk
1:31:00]} b6 {[%clk 1:32:01]} 7. a3 {[%clk 1:26:53]} Be7 {[%clk 1:29:38]} 8. Ne5
{[%clk 1:23:31]} d5 {[%clk 1:29:31]} 9. O-O {[%clk 1:21:34]} Bb7 {[%clk 1:29:57]}
10. b4 {[%clk 1:18:32]} Nbd7 {[%clk 1:26:55]} 11. Nd3 {[%clk 1:14:18]} Ne4 {[%clk
1:23:21]} 12. c5 {[%clk 1:11:17]} Nc3 {[%clk 1:21:44]} 13. Qe1 {[%clk 1:11:12]}
Bf6 {[%clk 1:22:09]} 14. Nf3 {[%clk 1:10:47]} Ne4 {[%clk 1:14:50]} 15. Rb1 {[%clk
1:07:51]} Qe8 {[%clk 1:02:53]} 16. Bb2 {[%clk 1:00:31]} Ba6 {[%clk 1:01:23]} 17.
Ba1 {[%clk 0:54:39]} Bxd3 {[%clk 0:53:39]} 18. exd3 {[%clk 0:49:03]} Ng5 {[%clk
0:54:02]} 19. c6 {[%clk 0:48:43]} Nb8 {[%clk 0:49:19]} 20. b5 {[%clk 0:48:55]}
Nf7 {[%clk 0:49:41]} 21. a4 {[%clk 0:44:57]} a6 {[%clk 0:49:01]} 22. Bc3 {[%clk
0:44:17]} Nd8 {[%clk 0:34:58]} 23. Ne5 {[%clk 0:40:04]} Be7 {[%clk 0:32:36]} 24.
Qe2 {[%clk 0:37:53]} Rf6 {[%clk 0:31:37]} 25. Rfe1 {[%clk 0:35:56]} Qf8 {[%clk
0:30:25]} 26. Bd2 {[%clk 0:32:15]} h6 {[%clk 0:28:13]} 27. Qh5 {[%clk 0:28:48]}
axb5 {[%clk 0:28:13]} 28. axb5 {[%clk 0:24:57]} Ra4 {[%clk 0:28:24]} 29. Ng6
{[%clk 0:24:28]} Qe8 {[%clk 0:28:08]} 30. Nxe7+ {[%clk 0:24:42]} Qxe7 {[%clk
0:28:33]} 31. Bb4 {[%clk 0:24:52]} Rxb4 {[%clk 0:27:43]} 32. Qe2 {[%clk 0:18:05]}
Qd6 {[%clk 0:25:37]} 33. Qa2 {[%clk 0:15:49]} Rxb1 {[%clk 0:24:37]} 34. Rxb1
{[%clk 0:16:03]} Nbxc6 {[%clk 0:24:56]} 35. bxc6 {[%clk 0:15:18]} Nxc6 {[%clk
0:25:21]} 36. Qa4 {[%clk 0:14:19]} Rf8 {[%clk 0:22:38]} 37. Rc1 {[%clk 0:13:15]}
Ne7 {[%clk 0:19:59]} 38. Qa7 {[%clk 0:12:00]} Rc8 {[%clk 0:18:47]} 39. Rb1 {[%clk
0:09:30]} Qc6 {[%clk 0:14:33]} 40. Qa3 {[%clk 0:37:55]} Qe8 {[%clk 0:44:56]} 41.
Qc3 {[%clk 0:26:13]} Qa4 {[%clk 0:42:40]} 42. Qe1 {[%clk 0:12:28]} Qd7 {[%clk
0:36:55]} 43. Qe3 {[%clk 0:08:27]} Ra8 {[%clk 0:31:58]} 44. Re1 {[%clk 0:07:06]}
Kf7 {[%clk 0:32:20]} 45. Bf3 {[%clk 0:07:08]} Qd6 {[%clk 0:31:46]} 46. Bh5+
{[%clk 0:06:22]} Kf8 {[%clk 0:25:23]} 47. Qxe6 {[%clk 0:03:05]} Qxe6 {[%clk
0:25:49]} 48. Rxe6 {[%clk 0:03:30]} Ra4 {[%clk 0:26:16]} 49. Re1 {[%clk 0:03:28]}
g6 {[%clk 0:26:16]} 50. Be2 {[%clk 0:03:43]} Rxd4 {[%clk 0:25:55]} 51. Rb1 {[%clk
0:03:21]} Ra4 {[%clk 0:26:13]} 52. Kg2 {[%clk 0:03:18]} Ra2 {[%clk 0:26:07]} 53.
Kf1 {[%clk 0:02:53]} Ke8 {[%clk 0:26:21]} 54. f4 {[%clk 0:02:46]} Kd7 {[%clk
0:26:30]} 55. h3 {[%clk 0:02:37]} Nc6 {[%clk 0:26:48]} 56. Bd1 {[%clk 0:02:03]}
Kd6 {[%clk 0:26:32]} 57. g4 {[%clk 0:01:38]} Nd4 {[%clk 0:26:16]} 58. Rb4 {[%clk
0:01:40]} Ne6 {[%clk 0:24:21]} 59. gxf5 {[%clk 0:01:47]} gxf5 {[%clk 0:24:46]}
60. d4 {[%clk 0:01:23]} Rd2 {[%clk 0:25:04]} 61. Bb3 {[%clk 0:01:15]} Rxd4 {[%clk
0:25:26]} 62. Rb5 {[%clk 0:01:23]} Rxf4+ {[%clk 0:25:44]} 63. Kg2 {[%clk
0:01:41]} Nc5 {[%clk 0:26:00]} 64. Kg3 {[%clk 0:01:58]} Rd4 {[%clk 0:26:06]} 65.
Bc2 {[%clk 0:02:20]} Ke5 {[%clk 0:26:06]} 0-1

[Event "Women's Baku Chess Olympiad"]
[Site "chess24.com"]
[Date "2016.09.11"]
[Round "9"]
[White "Figueroa, Julissa"]
[Black "McDowell, Sharon"]
[Result "1/2-1/2"]
[Board "1"]
[WhiteID "7300450"]
[WhiteElo "1787"]
[WhiteTitle "WCM"]
[WhiteCountry "GUA"]
[WhiteFideId "7300450"]
[WhiteEloChange "-3"]
[BlackID "8401489"]
[BlackElo "1685"]
[BlackCountry "HON"]
[BlackFideId "8401489"]
[BlackEloChange "3"]

1. e4 {[%clk 1:30:57]} c5 {[%clk 1:30:55]} 2. Nf3 {[%clk 1:31:22]} d6 {[%clk
1:31:19]} 3. d4 {[%clk 1:31:48]} cxd4 {[%clk 1:31:40]} 4. Nxd4 {[%clk 1:32:17]}
Nf6 {[%clk 1:32:00]} 5. Nc3 {[%clk 1:32:42]} a6 {[%clk 1:32:22]} 6. a4 {[%clk
1:32:35]} e6 {[%clk 1:28:54]} 7. Be2 {[%clk 1:32:49]} Be7 {[%clk 1:29:18]} 8. O-O
{[%clk 1:33:01]} O-O {[%clk 1:27:32]} 9. Kh1 {[%clk 1:31:10]} b6 {[%clk 1:27:44]}
10. f4 {[%clk 1:31:05]} Bb7 {[%clk 1:28:09]} 11. Bf3 {[%clk 1:31:09]} d5 {[%clk
1:11:49]} 12. e5 {[%clk 1:25:47]} Ne4 {[%clk 1:11:51]} 13. Qd3 {[%clk 1:25:44]}
Nxc3 {[%clk 1:07:47]} 14. Qxc3 {[%clk 1:25:59]} Qd7 {[%clk 1:07:32]} 15. Be3
{[%clk 1:22:13]} Rc8 {[%clk 1:07:00]} 16. Qe1 {[%clk 1:21:46]} Nc6 {[%clk
1:07:28]} 17. c3 {[%clk 1:12:03]} Nxd4 {[%clk 1:05:49]} 18. Bxd4 {[%clk 1:12:01]}
Bc5 {[%clk 1:05:56]} 19. Qf2 {[%clk 0:58:59]} Bxd4 {[%clk 0:53:32]} 20. Qxd4
{[%clk 0:49:13]} b5 {[%clk 0:53:26]} 21. axb5 {[%clk 0:48:54]} Qxb5 {[%clk
0:53:38]} 22. Qd2 {[%clk 0:48:19]} Rc7 {[%clk 0:47:40]} 23. Be2 {[%clk 0:44:35]}
Qc6 {[%clk 0:46:15]} 24. Bd3 {[%clk 0:43:09]} a5 {[%clk 0:43:10]} 25. Rfc1 {[%clk
0:31:50]} a4 {[%clk 0:31:58]} 26. Bf1 {[%clk 0:29:32]} Ba6 {[%clk 0:31:43]} 27.
Bxa6 {[%clk 0:27:30]} Rxa6 {[%clk 0:30:37]} 28. Qd4 {[%clk 0:21:52]} Qc4 {[%clk
0:21:35]} 29. Qxc4 {[%clk 0:19:41]} Rxc4 {[%clk 0:21:57]} 30. g3 {[%clk 0:20:06]}
Rb6 {[%clk 0:21:38]} 31. Ra2 {[%clk 0:19:50]} h6 {[%clk 0:21:39]} 32. Kg2 {[%clk
0:18:13]} f6 {[%clk 0:20:26]} 33. exf6 {[%clk 0:16:53]} gxf6 {[%clk 0:20:46]} 34.
Rd1 {[%clk 0:15:20]} Rb5 {[%clk 0:18:06]} 35. Kf3 {[%clk 0:14:50]} Kg7 {[%clk
0:17:32]} 36. Rd4 {[%clk 0:14:04]} Rxd4 {[%clk 0:16:35]} 37. cxd4 {[%clk
0:14:33]} Rb4 {[%clk 0:16:44]} 38. Ke3 {[%clk 0:14:51]} Kg6 {[%clk 0:17:10]} 39.
Kd3 {[%clk 0:13:10]} Kf5 {[%clk 0:17:11]} 40. Kc3 {[%clk 0:43:20]} Rc4+ {[%clk
0:46:45]} 41. Kd3 {[%clk 0:43:45]} Kg4 {[%clk 0:46:48]} 42. Ra3 {[%clk 0:43:43]}
Kh3 {[%clk 0:38:19]} 43. b3 {[%clk 0:44:04]} axb3 {[%clk 0:38:28]} 44. Rxb3
{[%clk 0:44:33]} Rc6 {[%clk 0:37:13]} 45. Rb7 {[%clk 0:39:14]} Kg4 {[%clk
0:35:20]} 46. Rg7+ {[%clk 0:32:16]} Kf5 {[%clk 0:35:31]} 47. Rh7 {[%clk 0:30:08]}
Kg6 {[%clk 0:33:05]} 48. Re7 {[%clk 0:28:05]} Ra6 {[%clk 0:32:23]} 49. Kc3 {[%clk
0:28:03]} Kf5 {[%clk 0:30:16]} 50. Rh7 {[%clk 0:25:16]} Rc6+ {[%clk 0:26:55]} 51.
Kd3 {[%clk 0:24:58]} Kg6 {[%clk 0:24:08]} 52. Re7 {[%clk 0:25:21]} Ra6 {[%clk
0:21:28]} 53. Kc3 {[%clk 0:25:22]} Ra3+ {[%clk 0:19:49]} 54. Kb4 {[%clk 0:25:36]}
Re3 {[%clk 0:20:07]} 55. Kc5 {[%clk 0:22:49]} Re2 {[%clk 0:19:51]} 56. Kd6 {[%clk
0:22:10]} Kf5 {[%clk 0:19:40]} 57. h3 {[%clk 0:20:33]} Re3 {[%clk 0:17:55]} 58.
g4+ {[%clk 0:20:35]} Kxf4 {[%clk 0:18:13]} 59. Rxe6 {[%clk 0:21:00]} Rxe6+ {[%clk
0:18:38]} 60. Kxe6 {[%clk 0:21:22]} Ke4 {[%clk 0:19:03]} 61. Kxf6 {[%clk
0:21:29]} Kxd4 {[%clk 0:19:29]} 62. g5 {[%clk 0:21:30]} hxg5 {[%clk 0:19:57]} 63.
Kxg5 {[%clk 0:21:53]} Ke4 {[%clk 0:19:20]} 64. h4 {[%clk 0:21:39]} d4 {[%clk
0:19:49]} 65. h5 {[%clk 0:22:02]} d3 {[%clk 0:20:02]} 66. h6 {[%clk 0:22:29]} d2
{[%clk 0:20:29]} 67. h7 {[%clk 0:22:56]} d1Q {[%clk 0:20:29]} 68. h8Q {[%clk
0:22:56]} Qg1+ {[%clk 0:17:40]} 69. Kh6 {[%clk 0:23:00]} Qe3+ {[%clk 0:12:43]}
70. Kh7 {[%clk 0:22:37]} Qh3+ {[%clk 0:12:49]} 1/2-1/2

[Event "Women's Baku Chess Olympiad"]
[Site "chess24.com"]
[Date "2016.09.11"]
[Round "9"]
[White "Ortiz, Katherine Berenice"]
[Black "Sotomayor Villatoro, Silvi"]
[Result "1-0"]
[Board "2"]
[WhiteID "8400474"]
[WhiteElo "1857"]
[WhiteTitle "WFM"]
[WhiteCountry "HON"]
[WhiteFideId "8400474"]
[WhiteEloChange "11"]
[BlackID "7301057"]
[BlackElo "1876"]
[BlackTitle "WIM"]
[BlackCountry "GUA"]
[BlackFideId "7301057"]
[BlackEloChange "-11"]

1. e4 {[%clk 1:30:42]} c5 {[%clk 1:30:53]} 2. Nf3 {[%clk 1:30:45]} e6 {[%clk
1:31:16]} 3. d4 {[%clk 1:30:40]} cxd4 {[%clk 1:31:40]} 4. Nxd4 {[%clk 1:31:05]}
a6 {[%clk 1:32:05]} 5. Bd3 {[%clk 1:29:31]} Qc7 {[%clk 1:31:37]} 6. O-O {[%clk
1:27:55]} Nf6 {[%clk 1:31:22]} 7. Kh1 {[%clk 1:25:33]} b6 {[%clk 1:29:27]} 8. Nc3
{[%clk 1:25:38]} Bb7 {[%clk 1:29:22]} 9. Qe2 {[%clk 1:25:54]} d6 {[%clk 1:29:37]}
10. Bd2 {[%clk 1:25:29]} Nbd7 {[%clk 1:29:46]} 11. f4 {[%clk 1:25:13]} g6 {[%clk
1:24:31]} 12. Rae1 {[%clk 1:19:32]} Bg7 {[%clk 1:20:28]} 13. Nf3 {[%clk 1:15:58]}
O-O {[%clk 1:15:40]} 14. Qf2 {[%clk 0:57:12]} Nc5 {[%clk 1:09:04]} 15. Qh4 {[%clk
0:54:16]} b5 {[%clk 0:54:51]} 16. a3 {[%clk 0:54:13]} d5 {[%clk 0:50:23]} 17. e5
{[%clk 0:44:34]} Nfe4 {[%clk 0:50:39]} 18. Nxe4 {[%clk 0:38:57]} dxe4 {[%clk
0:49:29]} 19. Ng5 {[%clk 0:37:04]} h6 {[%clk 0:49:51]} 20. Nxe4 {[%clk 0:36:58]}
Nxe4 {[%clk 0:50:12]} 21. Rxe4 {[%clk 0:24:16]} Bxe4 {[%clk 0:42:17]} 22. Bxe4
{[%clk 0:24:42]} Rad8 {[%clk 0:42:11]} 23. Bd3 {[%clk 0:24:11]} Rd7 {[%clk
0:41:17]} 24. Qe1 {[%clk 0:24:01]} Rc8 {[%clk 0:38:28]} 25. Bc3 {[%clk 0:21:32]}
Bf8 {[%clk 0:37:21]} 26. Qg3 {[%clk 0:19:22]} Kh7 {[%clk 0:33:45]} 27. h4 {[%clk
0:19:27]} h5 {[%clk 0:27:38]} 28. Qf3 {[%clk 0:17:20]} Bxa3 {[%clk 0:25:23]} 29.
Qxh5+ {[%clk 0:17:36]} Kg7 {[%clk 0:25:39]} 30. Qg4 {[%clk 0:16:23]} Rxd3 {[%clk
0:11:46]} 31. cxd3 {[%clk 0:16:43]} b4 {[%clk 0:12:15]} 32. Bd2 {[%clk 0:12:30]}
Bxb2 {[%clk 0:11:18]} 33. Bxb4 {[%clk 0:12:54]} a5 {[%clk 0:11:24]} 34. Bd6
{[%clk 0:13:07]} Qd7 {[%clk 0:08:53]} 35. Qg5 {[%clk 0:07:11]} a4 {[%clk
0:09:04]} 36. Qf6+ {[%clk 0:07:06]} Kh6 {[%clk 0:08:51]} 37. h5 {[%clk 0:06:29]}
a3 {[%clk 0:08:32]} 38. hxg6 {[%clk 0:05:44]} Qd8 {[%clk 0:01:53]} 39. Qxd8
{[%clk 0:01:52]} Rxd8 {[%clk 0:02:13]} 40. gxf7 {[%clk 0:32:17]} Kg7 {[%clk
0:32:14]} 41. f8Q+ {[%clk 0:32:38]} Rxf8 {[%clk 0:32:43]} 42. Bxf8+ {[%clk
0:32:32]} Kxf8 {[%clk 0:33:12]} 43. g4 {[%clk 0:32:37]} a2 {[%clk 0:33:13]} 44.
Kg2 {[%clk 0:32:53]} a1Q {[%clk 0:33:40]} 45. Rxa1 {[%clk 0:33:05]} Bxa1 {[%clk
0:34:09]} 46. Kf3 {[%clk 0:33:15]} Bc3 {[%clk 0:31:30]} 47. Ke4 {[%clk 0:33:33]}
Kf7 {[%clk 0:30:41]} 48. d4 {[%clk 0:32:31]} Bb2 {[%clk 0:28:16]} 49. f5 {[%clk
0:32:30]} Bc1 {[%clk 0:26:54]} 50. fxe6+ {[%clk 0:30:26]} Kxe6 {[%clk 0:27:11]}
51. d5+ {[%clk 0:30:51]} Ke7 {[%clk 0:25:50]} 52. Kf5 {[%clk 0:31:12]} Ba3 {[%clk
0:24:15]} 53. g5 {[%clk 0:30:34]} Kf7 {[%clk 0:23:22]} 54. d6 {[%clk 0:30:00]}
Bb4 {[%clk 0:21:25]} 55. e6+ {[%clk 0:28:03]} Ke8 {[%clk 0:17:02]} 56. g6 {[%clk
0:26:34]} Bc3 {[%clk 0:17:14]} 57. Ke4 {[%clk 0:25:31]} Bf6 {[%clk 0:16:29]} 58.
Kd5 {[%clk 0:25:49]} Kf8 {[%clk 0:12:20]} 59. Kc6 {[%clk 0:25:56]} Ke8 {[%clk
0:08:25]} 60. Kc7 {[%clk 0:25:57]} Be5 {[%clk 0:08:51]} 61. Kc8 {[%clk 0:19:56]}
Bf6 {[%clk 0:02:48]} 62. d7+ {[%clk 0:19:58]} 1-0